MARC details
| 000 -CABECERA |
| campo de control de longitud fija |
01460nam a2200325 4500 |
| 003 - IDENTIFICADOR DEL NÚMERO DE CONTROL |
| campo de control |
EC-UNACH |
| 005 - FECHA Y HORA DE LA ÚLTIMA TRANSACCIÓN |
| campo de control |
20260313164331.0 |
| 006 - CÓDIGOS DE INFORMACIÓN DE LONGITUD FIJA--CARACTERÍSTICAS DEL MATERIAL ADICIONAL |
| campo de control de longitud fija |
s||||gr|||| 00| 00 |
| 008 - DATOS DE LONGITUD FIJA--INFORMACIÓN GENERAL |
| campo de control de longitud fija |
150116t9999 mx r gr 000 0 spa d |
| 020 ## - NÚMERO INTERNACIONAL ESTÁNDAR DEL LIBRO |
| Número Internacional Estándar del Libro |
978-987-591-330-1 |
| 040 ## - FUENTE DE LA CATALOGACIÓN |
| Centro catalogador/agencia de origen |
EC-UNACH |
| Centro/agencia transcriptor |
EC-UNACH |
| 041 ## - CÓDIGO DE LENGUA |
| Código de lengua del texto/banda sonora o título independiente |
spa |
| 050 ## - SIGNATURA TOPOGRÁFICA DE LA BIBLIOTECA DEL CONGRESO |
| Número de clasificación |
420.711 |
| 082 04 - NÚMERO DE LA CLASIFICACIÓN DECIMAL DEWEY |
| Número de edición |
23 |
| Número de clasificación |
420.711 |
| Número de documento/Ítem |
L018595 |
| 100 ## - ENTRADA PRINCIPAL--NOMBRE DE PERSONA |
| Nombre de persona |
Oliva, Sara |
| 245 ## - MENCIÓN DE TÍTULO |
| Título |
Lectocomprensión del Inglés. |
| Resto del título |
Manual para Matemática, Astronomía y Física |
| 250 ## - MENCIÓN DE EDICIÓN |
| Mención de edición |
Primera Edición |
| 264 ## - Producción, publicación, distribución, fabricación y copyright |
| Lugar de producción, publicación, distribución, fabricación |
Córdoba, Argentina |
| Nombre del de productor, editor, distribuidor, fabricante |
Editorial Brujas |
| Fecha de de producción, publicación, distribución, fabricación o copyright |
2012 |
| 300 ## - DESCRIPCIÓN FÍSICA |
| Extensión |
170 páginas. |
| Otras características físicas |
Gráficos, Tablas. |
| Dimensiones |
21 x 28 cm |
| 501 ## - NOTA DE "CON" |
| Nota de “Con” |
Incluye: Índice, Tabla de contenidos, Evaluaciones, Referencias. |
| 505 ## - NOTA DE CONTENIDO CON FORMATO |
| Nota de contenido con formato |
Guía Introductoria. Principales aspectos teóricos y practicas de la lectura en el nivel superior -- Guía 1. Palabras estructurales y palabras conceptuales -- Guía 2. Plurales y sustantivos -- Guía 3. Frases sustantivas -- Guía 4 Referencias textuales -- Guía 5. Conectores (de diferentes tipos) -- Guía 6 Tiempo pasado de los verbos (voz pasiva, referencias) -- Guía 7. Tiempo pasado de los verbos -- Guía 8. Funciones de la forma -ing -- Guía 9. Funciones de la forma -ING. |
| 650 ## - PUNTO DE ACCESO ADICIONAL DE MATERIA--TÉRMINO DE MATERIA |
| Término de materia o nombre geográfico como elemento inicial |
INGLÉS TÉCNICO |
| 650 ## - PUNTO DE ACCESO ADICIONAL DE MATERIA--TÉRMINO DE MATERIA |
| Término de materia o nombre geográfico como elemento inicial |
FUNCIONES |
| 650 ## - PUNTO DE ACCESO ADICIONAL DE MATERIA--TÉRMINO DE MATERIA |
| Término de materia o nombre geográfico como elemento inicial |
CONEXTORES |
| 942 ## - ELEMENTOS DE PUNTO DE ACCESO ADICIONAL (KOHA) |
| Fuente del sistema de clasificación o colocación |
Clasificación Decimal Dewey |
| Tipo de ítem Koha |
Libros |
| 999 ## - NÚMEROS DE CONTROL DE SISTEMA (KOHA) |
| Koha biblionumber |
14414 |